• 首页
  • 本馆介绍
  • 公告通知
  • 最新文献
  • 馆藏检索
  • 电子资源
  • 读者荐购
  • 参考咨询
  • CALIS
  • 我的图书馆
  • 登录
  • 详细信息显示
  • 放入我的书架
  • 预约/预借图书
  • 作者相关作品
  • 分类相关作品
  • 丛书相关作品
  • 出版社相关作品

书目信息

  • 表格格式
  • 工作单格式
  • 卡片格式
题名:
河南省西平县连胡村胡氏族谱
    
 
作者: 胡吉祥 主编
分册:  
出版信息:   河南省家谱文化研究院  2021.08
页数: 454页
开本: 20cm
丛书名:
单 册:
中图分类: K820.9
科图分类:
主题词: 人物--传记--中国
电子资源:
ISBN:
 
 
 
 
 
000 00577nam0 2200181 450
001 2135538432
005 20211124095802.26
010    @dCNY98.00
100    @a20211124d2021 km y0chiy0120 ea
101 0  @achi
200 1  @a河南省西平县连胡村胡氏族谱@AHe Nan Sheng Xi Ping Xian Lian Hu Cun Hu Shi Zu Pu@f胡吉祥主编@FHu Ji Xiang Zhu Bian
210    @c河南省家谱文化研究院@d2021.08
215    @a454页@d20cm
606 0  @a人物@x传记@x中国
690    @aK820.9@v4
701  0 @a胡吉祥@AHu Ji Xiang@4主编
801  0 @aCN@b大连网信软件有限公司图书馆·11@c20211124
905    @aZUCC@dK820.9@eH477
    
    河南省西平县连胡村胡氏族谱/胡吉祥主编.-河南省家谱文化研究院,2021.08
    454页;20cm
    
    
    ISBN :CNY98.00
    
●
相关链接 在E读中查询图书 在当当中查询图书 在豆瓣中查询图书


正题名:河南省西平县连胡村胡氏族谱     索取号:K820.9/H477         预约/预借

序号 登录号 条形码 馆藏地/架位号 状态 备注
1 1505269   215052699   社科库309/309社科库 45排5列4层/ [索取号:K820.9/H477] 在馆    
2 1505270   215052706   社科库309/309社科库 45排5列4层/ [索取号:K820.9/H477] 在馆    
河南城建学院图书馆 欢迎您!
大连网信软件有限公司© 版权所有